000 00998cam a2200241 a 4500
999 _c2941
_d2941
001 17503279
003 OSt
005 20230913084410.0
008 120807s2012 enk 000 0 eng
010 _a 2012515250
020 _a9781408173350 (pbk.)
040 _aDLC
_cDLC
_dKH8
042 _apcc
082 _a823.92 HAD
100 1 _aStephens, Simon,
_d1971-
245 1 4 _aThe curious incident of the dog in the night-time /
_cSimon Stephens ; adapted from the novel by Mark Haddon.
260 _aLondon :
_bMethuen Drama,
_c2012.
300 _a106 p. ;
_c20 cm.
520 8 _aChristopher, stands beside Mrs Shears's dead dog. It has been speared with a garden fork, it is seven minutes after midnight, and Christopher is under suspicion. He records each fact in the book he is writing to solve the mystery of who murdered Wellington.
650 0 _aDetective and mystery plays, English.
700 1 _aHaddon, Mark,
_d1962-
_tCurious incident of the dog in the night-time.
942 _2ddc
_cTR